Красная книга РСФСР : (Record no. 35007)
[ view plain ]
| 000 -LEADER | |
|---|---|
| fixed length control field | 01281nam a2200253 a 4500 |
| 001 - CONTROL NUMBER | |
| control field | 000107134 |
| 003 - CONTROL NUMBER IDENTIFIER | |
| control field | AM-YEHGA |
| 005 - DATE AND TIME OF LATEST TRANSACTION | |
| control field | 20250618071142.0 |
| 008 - FIXED-LENGTH DATA ELEMENTS--GENERAL INFORMATION | |
| fixed length control field | 960705s1988 ru ||||| |||| 00| 0 rus d |
| 020 ## - INTERNATIONAL STANDARD BOOK NUMBER | |
| International Standard Book Number | 5260002547 |
| 040 ## - CATALOGING SOURCE | |
| Original cataloging agency | AM-YeHGA |
| 041 2# - LANGUAGE CODE | |
| Language code of text/sound track or separate title | rus |
| 090 ## - LOCALLY ASSIGNED LC-TYPE CALL NUMBER (OCLC); LOCAL CALL NUMBER (RLIN) | |
| -- | 35526 |
| 245 00 - TITLE STATEMENT | |
| Title | Красная книга РСФСР : |
| Remainder of title | Растения : [Энциклопедия] / |
| Statement of responsibility, etc. | АН СССР. Ботанический ин-т им. В. Л. Комарова и др. ; [Гл. редкол.: А. Л. Тахтаджян (отв. ред.) и др.]. |
| 260 ## - PUBLICATION, DISTRIBUTION, ETC. | |
| Place of publication, distribution, etc. | Москва : |
| Name of publisher, distributor, etc. | Росагропромиздат, |
| Date of publication, distribution, etc. | 1988. |
| 300 ## - PHYSICAL DESCRIPTION | |
| Extent | 591 с. : |
| Other physical details | ил ; |
| Dimensions | 27 см. |
| 500 ## - GENERAL NOTE | |
| General note | В надзаг. также: Всесоюз. ботан. о-во, Гл. упр. охотничьего хоз-ва и заповедников при Совете Министров РСФСР |
| 504 ## - BIBLIOGRAPHY, ETC. NOTE | |
| Bibliography, etc. note | Библиогр.: с. 559-578 |
| 650 14 - SUBJECT ADDED ENTRY--TOPICAL TERM | |
| Topical term or geographic name entry element | Растительные ресурсы - Охрана - РСФС |
| 650 14 - SUBJECT ADDED ENTRY--TOPICAL TERM | |
| Topical term or geographic name entry element | РСФСР, охрана окруж. среды |
| 700 10 - ADDED ENTRY--PERSONAL NAME | |
| Personal name | Թախտաջյան, Արմեն Լևոնի, |
| Dates associated with a name | 1910-2009 |
| Relator term | ред |
| Relationship | edt |
| 9 (RLIN) | 3348 |
| 710 2# - ADDED ENTRY--CORPORATE NAME | |
| Corporate name or jurisdiction name as entry element | Ботанический институт им. В.Л. Комарова АН СССР |
| 942 ## - ADDED ENTRY ELEMENTS (KOHA) | |
| Source of classification or shelving scheme | Universal Decimal Classification |
| Koha item type | Գրքեր / Books |
| Withdrawn status | Lost status | Damaged status | Not for loan | Collection | Home library | Current library | Date acquired | Total checkouts | Full call number | Barcode | Date last seen | Price effective from | Koha item type | Public note |
|---|---|---|---|---|---|---|---|---|---|---|---|---|---|---|
| General | Fundamental Scientific Library | Fundamental Scientific Library | 21/12/2016 | PIII/56541 | FL0408983 | 21/12/2016 | 21/12/2016 | Գրքեր / Books | 30 Days Loan |
ՀՀ Գիտությունների ազգային ակադեմիայի հիմնարար գիտական գրադարան = Fundamental Scientific Library of NAS RA
All site content, except where otherwise noted, is licensed under a